| 000 | 00574nam a2200217Ia 4500 | ||
|---|---|---|---|
| 999 |
_c6463 _d6463 |
||
| 003 | 0100 | ||
| 008 | 130227s9999 xx 000 0 und d | ||
| 020 | _a9780415591591 | ||
| 040 | _cARRUPELIB | ||
| 050 | _aB808.5.A5318 2006 | ||
| 100 |
_aCorradini, Antonella (ed) _933569 |
||
| 245 | _aAnalytic philosophy without naturalism | ||
| 260 |
_bRoutledge _aLondon _c2006 |
||
| 300 | _axiii | ||
| 300 | _b 266p 23cm | ||
| 440 |
_aRoutledge studies in twentieth-century philosophy _933570 |
||
| 650 |
_aAnalysis (Philosophy) _933571 |
||
| 650 |
_aVerification (Empiricism) _933572 |
||
| 650 |
_aLogical positivism _95718 |
||
| 700 |
_aGalvan, Sergio (ed); Lowe, E. Jonathan _933573 |
||
| 942 |
_2lcc _01 _cMONOGRAPH |
||